| 000 | 00774nam a2200217Ia 4500 | ||
|---|---|---|---|
| 003 | CO-CtgCURN | ||
| 005 | 20250407215605.0 | ||
| 008 | 190722s9999 xx 000 0 und d | ||
| 020 | _a9789583507533 | ||
| 040 |
_aCO-CtgCURN _bspa _ccoctgcurn |
||
| 082 |
_a342.088 _bT693j |
||
| 100 | _aTorres Zuleta, Gonzalo | ||
| 245 | 0 |
_aJuzgamiento del Presidente de la República por responsabilidad punitiva y política / _cGonzalo Torres Zuleta |
|
| 260 |
_aBogotá, Colombia : _bEditorial Temis, _c2009 |
||
| 300 |
_a422 páginas ; _c23 centímetros |
||
| 521 | _aAREA PROFESIONAL | ||
| 590 | _aPrograma de Derecho_18 | ||
| 650 | _aJefe de Estado | ||
| 942 |
_cBK _h342.088 _iT693j _2ddc _n0 |
||
| 999 |
_c28452 _d28452 |
||